[Event "ROM-ch U08"]
[Site "Baile Felix"]
[Date "2017.02.07"]
[Round "7"]
[White "Sava, Robert Gabriel"]
[Black "Danila, Tudor Gabriel"]
[Result "1-0"]
[WhiteElo "1025"]
[BlackElo "1001"]
[PlyCount "26"]
[EventDate "2017.02.02"]
[EventType "swiss"]
[EventRounds "9"]
[EventCountry "ROU"]
[SourceTitle "CBM 176 Extra"]
[Source "ChessBase"]
[SourceDate "2017.03.02"]
[SourceVersion "1"]
[SourceVersionDate "2017.03.02"]
[SourceQuality "1"]

1. e4 e5 2. Nf3 Nc6 3. d4 exd4 4. Nxd4 Nxd4 5. Qxd4 c6 6. Qe3 Be7 7. Qg3 d5 8. Qxg7 Nf6 9. Qxh8+ Bf8 10. Bh6 Ke7 11. Bg5 d4 12. Qxf6+ Kd7 13. Qxd8+ Ke6 1-0